000 00555nam a2200229Ia 4500
003 OSt
005 20220918191714.0
006 a|||||r|||| 00| 0
007 ta
008 220917b |||||||| |||| 00| 0 eng d
024 _a64,687
037 _cTextual
040 _aARTS
_cARTS
_beng
041 _2eng
_aeng
082 _aQu1:C, E6.1-.2
100 _aMozley J R
_976963
245 0 _aDivine aspect of history
260 _c1916
650 _aRELIGION
942 _hQu1:C, E6.1-.2
_cTEXL
_2CC
999 _c191055
_d191055